000 00597nam a2200217Ia 4500
005 20241129115746.0
008 241129s9999||||xx |||||||||||||| ||und||
020 _a9788196653415
037 _aTB
040 _aSDCL
_beng
_cSDCL
041 _ahin
_2hin
084 _aW691y7M71 R3
_qSDCL
100 _aPuri Ajit Kumar
_9728284
245 0 _aSwatantrata Sangram , Samajwad aur Shri Rambriksh Benipuri
260 _aDelhi
_bHans Prakashan India
_c2023
300 _a264p.
365 _aINR
_b695
650 _aHindi
942 _cTB
_hW691y7M71 R3
999 _c1231888
_d1231888